zpět

Detail výsledku týmu

Za Vodojemem, Chrudim

Datum a čas kvízu

38 Celkem bodů Celkový počet nahraných bodů na tomto kvízu bez doplňovacích otázek.
5. Pořadí na kvízu Konečné umístění týmu na tomto kvízu.

Zaznamenané odpovědi

# Otázka Odpověď Body Výsledky
1. Které zvíře bylo minulý týden... tygr (ussurijský) 1
2. Jak se jmenuje umělkyně naroze... Taylor Swift 1
3. V pondělí se v pražském klubu... MYDY 0
4. Společnost Air Bank minulý týd... Cvak 0
5. Který tým se v neděli stal his... Los Angeles Lakers 1
6. V tomto tématu si vždy vyberet... ZA BOD: František Hrubín ZA PŮL: Rozmarné léto 0
7. ZA BOD: Které značce aut patří... ZA BOD: Lotus ZA PŮL: Maserati 0.5
8. ZA BOD: Ve kterém městě byla u... ZA BOD: Rouen ZA PŮL: Dallas 0.5
9. ZA BOD: Na kterém světadílu ži... ZA BOD: Asie ZA PŮL: motýl 1
10. ZA BOD: Která země pořádala zi... ZA BOD: Rakousko ZA PŮL: Česká republika 0.5